00732nam a22002292a 450000100060000000300080000600500170001400800410003103500510007204000370012304100080016008200180016824500530018625000120023926000490025130000270030049000330032750000630036065000260042370000200044983000330046922021BD-RjUL20211209000746.0140306s1967 enk d 000 0 eng d a(BD-RjUL)22086aOCLC ocm00394496 from D950628M aDLCcDLCdUKMdEQOdBD-RjULbeng aeng00a903bEVE 196700aEveryman's dictionary of dates /cAudrey Butler. a5th ed. aLondon :bDent ;aNew York :bDutton,c1967. axxiv, 456 p. ;c20 cm.1 aEveryman's reference library aFirst published in 1911 under title: A Dictionary of dates 0aHistoryvDictionaries1 aButler, Audrey. 0aEveryman's reference library